Statistics for All Randy Travis Songs

Click here to take the quiz!

General Stats

  • This quiz has been taken 7 times
  • The average score is 14 of 288

Answer Stats

AlbumSong% Correct
Always & ForeverForever and Ever, Amen
100%
Storms of LifeDiggin' Up Bones
83%
Storms of Life1982
67%
Old 8x10Deeper Than the Holler
67%
Rise and ShineThree Wooden Crosses
67%
High LonesomeHigh Lonesome
50%
Always & Forever | Randy Ray: Live at the Nashville PalaceI Told You So
50%
Around the BendAround the Bend
33%
No Holdin' BackHard Rock Bottom of Your Heart
33%
Full CircleKing of the Road
33%
Storms of LifeMy Heart Cracked (But It Did Not Break)
33%
No Holdin' BackNo Stoppin' Us Now
33%
Old 8x10Old 8x10
33%
Old 8x10 | Randy Ray: Live at the Nashville PalacePromises
33%
Randy Ray: Live at the Nashville PalaceReasons I Cheat
33%
Storms of LifeThere'll Always Be a Honky Tonk Somewhere
33%
Storms of LifeThe Storms of Life
33%
Wind in the WireWind in the Wire
33%
Randy Ray: Live at the Nashville PalaceAin't No Use
17%
A Man Ain't Made of StoneA Man Ain't Made of Stone
17%
An Old Time ChristmasAn Old Time Christmas
17%
High LonesomeBetter Class of Losers
17%
Around the BendDig Two Graves
17%
Around the BendEvery Head Bowed
17%
Around the BendFaith in You
17%
Single #7Fools Love Affair
17%
High LonesomeForever Together
17%
Full CircleHighway Junkie
17%
Old 8x10Honky Tonk Moon
17%
Greatest Hits, Volume OneIf I Didn't Have You
17%
Around the BendLove Is a Gamble
17%
No Holdin' BackMining for Coal
17%
Storms of LifeNo Place Like Home
17%
Glory Train: Songs of Faith, Worship, and PraiseOh How I Love Jesus
17%
Influence Vol. 2: The Man I AmOnly Daddy That'll Walk the Line
17%
Storms of LifeOn the Other Hand
17%
Rise and ShineRise and Shine
17%
Storms of LifeSend My Body
17%
Influence Vol. 2: The Man I AmSet 'Em Up Joe
17%
Influence Vol. 2: The Man I AmThat's the Way Love Goes
17%
This Is MeThis Is Me
17%
Anniversary CelebrationT.I.M.E.
17%
Influence Vol. 1: The Man I AmTonight I'm Playin' Possum
17%
Around the BendTurn It Around
17%
You and You AloneYou and You Alone
17%
Around the BendYou Didn't Have a Good Time
17%
Worship & FaithAbove All
0%
Heroes & FriendsA Few Ole Country Boys
0%
A Man Ain't Made of StoneA Heartache in the Works
0%
A Man Ain't Made of StoneA Little Bitty Crack in Her Heart
0%
A Man Ain't Made of StoneA Little Left of Center
0%
High LonesomeAllergic to the Blues
0%
Heroes & FriendsAll Night Long
0%
Inspirational JourneyAmazing Grace
0%
Single #3America Will Always Stand
0%
Passing ThroughAngels
0%
Songs of the SeasonAngels We Have Heard on High
0%
Greatest Hits, Volume OneAn Old Pair of Shoes
0%
Full CircleAnts on a Log
0%
Always & ForeverAnything
0%
Passing ThroughA Place to Hang My Hat
0%
Influence Vol. 2: The Man I AmAre the Good Times Really Over
0%
Full CircleAre We in Trouble Now
0%
Glory Train: Songs of Faith, Worship, and PraiseAre You Washed in the Blood
0%
Songs of the SeasonAway in a Manger
0%
Inspirational JourneyBaptism
0%
This Is MeBefore You Kill Us All
0%
Wind in the WireBeyond the Reef
0%
Influence Vol. 1: The Man I AmBig Butter and Egg Man
0%
Worship & FaithBlessed Assurance
0%
Wind in the WireBlue Mesa
0%
Influence Vol. 2: The Man I AmCalifornia Blues
0%
Randy Ray: Live at the Nashville PalaceCall Somebody Who Gives a Damn
0%
Anniversary CelebrationCan't Hurt a Man
0%
No Holdin' BackCard Carryin' Fool
0%
Heroes & FriendsCome See About Me
0%
Wind in the WireCowboy Boogie
0%
A Man Ain't Made of StoneDay One
0%
Anniversary CelebrationDidn't We Shine
0%
Inspirational JourneyDoctor Jesus
0%
Heroes & FriendsDo I Ever Cross Your Mind
0%
Inspirational JourneyDon't Ever Sell Your Saddle
0%
Full CircleDon't Take Your Love Away from Me
0%
Around the BendDon't Think Twice, It's All Right
0%
Influence Vol. 2: The Man I AmDon't Worry 'bout Me
0%
Wind in the WireDown at the Old Corral
0%
Glory Train: Songs of Faith, Worship, and PraiseDown by the Riverside
0%
SingleDreamin'
0%
Inspirational JourneyDrive Another Nail
0%
You and You AloneEasy to Love You
0%
Influence Vol. 1: The Man I AmEver Changing Woman
0%
Anniversary CelebrationEverything and All
0%
Around the BendEverything That I Own (Has Got a Dent)
0%
Rise and ShineEverywhere We Go
0%
Worship & FaithFarther Along
0%
Inspirational JourneyFeet on the Rock
0%
Influence Vol. 2: The Man I AmFor the Good Times
0%
Passing ThroughFour Walls
0%
Randy Ray: Live at the Nashville PalaceFree Rider
0%
Around the BendFrom Your Knees
0%
Randy Ray: Live at the Nashville PalaceFuture Mister Me
0%
Single #4Gift of Love
0%
An Old Time ChristmasGod Rest Ye Merry Gentlemen
0%
This Is MeGonna Walk That Line
0%
Always & Forever | Randy Ray: Live at the Nashville PalaceGood Intentions
0%
Songs of the SeasonGo Tell It on the Mountain
0%
Heroes & FriendsHappy Trails
0%
No Holdin' BackHave a Nice Rest of Your Life
0%
Songs of the SeasonHave Yourself a Merry Little Christmas
0%
High LonesomeHeart of Hearts
0%
Glory Train: Songs of Faith, Worship, and PraiseHeart of Worship
0%
Glory Train: Songs of Faith, Worship, and PraiseHere I Am to Worship
0%
Old 8x10Here in My Heart
0%
Heroes & FriendsHeroes and Friends
0%
Heroes & FriendsHeroes and Friends (Reprise)
0%
Glory Train: Songs of Faith, Worship, and PraiseHe's Got the Whole World in His Hands
0%
Worship & FaithHe's My Rock, My Sword, My Shield
0%
No Holdin' BackHe Walked on Water
0%
This Is MeHonky Tonk Side of Town
0%
You and You AloneHorse Called Music
0%
An Old Time ChristmasHow Do I Wrap My Heart Up for Christmas
0%
Worship & FaithHow Great Thou Art
0%
Wind in the WireHula Hands
0%
Inspirational JourneyI Am Going
0%
Full CircleI Can Almost Hear Her Wings
0%
Passing ThroughI Can See It in Your Eyes
0%
Greatest Hits, Volume TwoI'd Do It All Again with You
0%
You and You AloneI Did My Part
0%
High LonesomeI'd Surrender All
0%
Full CircleIf It Ain't One Thing, It's Another
0%
Randy Ray: Live at the Nashville PalaceIf It Was Love That Kept You Here
0%
Rise and ShineIf You Only Knew
0%
A Man Ain't Made of StoneI'll Be Right Here Loving You
0%
Worship & FaithI'll Fly Away
0%
Influence Vol. 1: The Man I AmI'm Always on a Mountain When I Fall
0%
High LonesomeI'm Gonna Have a Little Talk with Jesus
0%
Influence Vol. 2: The Man I AmI'm Movin' On
0%
Rise and ShineI'm Ready
0%
You and You AloneI'm Still Here, You're Still Gone
0%
Passing ThroughI'm Your Man
0%
A Man Ain't Made of StoneIn a Heart Like Mine
0%
Worship & FaithIn the Garden
0%
Old 8x10Is It Still Over?
0%
No Holdin' BackIt's Just a Matter of Time
0%
Old 8x10It's Out of My Hands
0%
Full CircleI Wish It Would Rain
0%
Always & ForeverI Won't Need You Anymore (Always and Forever)
0%
Rise and ShineJerusalem's Cry
0%
Glory Train: Songs of Faith, Worship, and PraiseJesus on the Main Line
0%
Songs of the SeasonJoy to the World
0%
Worship & FaithJust a Closer Walk with Thee
0%
Rise and ShineKeep Your Lure in the Water
0%
Songs of the SeasonLabor of Love
0%
Around the Bend | Single #6Lead Me Home
0%
Songs of the SeasonLet It Snow! Let It Snow! Let It Snow!
0%
High LonesomeLet Me Try
0%
Full CircleLong on Lonely (Short on Pride)
0%
Greatest Hits, Volume TwoLook Heart, No Hands
0%
Worship & FaithLove Lifted Me
0%
Anniversary CelebrationLove Looks Good on You
0%
An Old Time ChristmasMeet Me Under the Mistletoe
0%
Wind in the WireMemories of Santa Fe
0%
Storms of LifeMessin' with My Mind
0%
Influence Vol. 2: The Man I AmMind Your Own Business
0%
Anniversary CelebrationMore Life
0%
Passing ThroughMy Daddy Never Was
0%
Always & ForeverMy House
0%
Influence Vol. 1: The Man I AmMy Mary
0%
Passing ThroughMy Poor Old Heart
0%
Glory Train: Songs of Faith, Worship, and PraiseNobody Knows, Nobody Cares
0%
A Man Ain't Made of StoneNo Reason to Change
0%
Glory Train: Songs of Faith, Worship, and PraiseNothing but the Blood
0%
Songs of the SeasonNothin's Gonna Bring Me Down (A Christmas Time)
0%
Glory Train: Songs of Faith, Worship, and PraiseOh Death
0%
Songs of the SeasonO Holy Night
0%
An Old Time ChristmasOh, What a Silent Night
0%
High LonesomeOh, What a Time to Be Alive
0%
Songs of the SeasonO Little Town of Bethlehem
0%
A Man Ain't Made of StoneOnce You've Heard the Truth
0%
Around the Bend | Single #5One in a Row
0%
Randy Ray: Live at the Nashville PalaceOne Last Time
0%
You and You AloneOne Word Song
0%
You and You AloneOnly Worse
0%
Worship & FaithOpen the Eyes of My Heart
0%
This Is MeOscar the Angel
0%
Songs of the SeasonOur King
0%
You and You AloneOut of My Bones
0%
Wind in the WirePaniolo Country
0%
Worship & FaithPeace in the Valley
0%
Influence Vol. 1: The Man I AmPennies from Heaven
0%
Passing ThroughPick Up the Oars and Row
0%
High LonesomePoint of Light
0%
Rise and ShinePray for the Fish
0%
Glory Train: Songs of Faith, Worship, and PraisePrecious Lord, Take My Hand
0%
Glory Train: Songs of Faith, Worship, and PraisePrecious Memories
0%
An Old Time ChristmasPretty Paper
0%
Full CirclePrice to Pay
0%
Rise and ShineRaise Him Up
0%
Passing ThroughRight On Time
0%
Anniversary CelebrationRoad to Surrender
0%
Wind in the WireRoamin' Wyoming
0%
Worship & FaithRoom at the Cross for You
0%
This Is MeRunaway Train
0%
Passing ThroughRunning Blind
0%
Influence Vol. 1: The Man I AmSaginaw, Michigan
0%
An Old Time ChristmasSanta Claus Is Coming to Town
0%
You and You AloneSatisfied Mind
0%
Inspirational JourneySee Myself in You
0%
Randy Ray: Live at the Nashville PalaceSend My Body Home (On a Freight Train)
0%
Inspirational JourneyShallow Water
0%
Worship & FaithShall We Gather at the River?
0%
Single #2She's My Woman
0%
Heroes & FriendsShopping for Dresses
0%
Glory Train: Songs of Faith, Worship, and PraiseShout to the Lord
0%
Glory Train: Songs of Faith, Worship, and PraiseSince Jesus Came into My Heart
0%
No Holdin' BackSinging the Blues
0%
This Is MeSmall Y'all
0%
Heroes & FriendsSmokin' the Hive
0%
Worship & FaithSoftly and Tenderly
0%
Influence Vol. 1: The Man I AmSomeday We'll Look Back
0%
Anniversary CelebrationSomeone You Never Knew
0%
No Holdin' BackSomewhere in My Broken Heart
0%
You and You AloneSpirit of a Boy, Wisdom of a Man
0%
You and You AloneStranger in My Mirror
0%
Influence Vol. 2: The Man I AmSunday Morning Coming Down
0%
Worship & FaithSweet By and By
0%
Glory Train: Songs of Faith, Worship, and PraiseSwing Down Chariot
0%
Greatest Hits, Volume TwoTake Another Swing at Me
0%
Influence Vol. 1: The Man I AmThanks a Lot
0%
Rise and ShineThat's Jesus
0%
This Is MeThat's Where I Draw the Line
0%
Passing ThroughThat Was Us
0%
Heroes & FriendsThe Birth of the Blues
0%
Old 8x10The Blues in Black and White
0%
This Is MeThe Box
0%
Inspirational JourneyThe Carpenter
0%
An Old Time ChristmasThe Christmas Song
0%
A Man Ain't Made of StoneThe Family Bible and the Farmer's Almanac
0%
Songs of the SeasonThe First Noel
0%
Rise and ShineThe Gift
0%
You and You AloneThe Hole
0%
Heroes & FriendsThe Human Race
0%
Wind in the WireThe Old Chisholm Trail
0%
Influence Vol. 2: The Man I AmThere! I've Said It Again
0%
Songs of the Season(There's No Place Like) Home for the Holidays
0%
Always & ForeverThe Truth Is Lyin' Next to You
0%
Worship & FaithThe Unclouded Day
0%
A Man Ain't Made of StoneThirteen Mile Goodbye
0%
Glory Train: Songs of Faith, Worship, and PraiseThis Train
0%
Glory Train: Songs of Faith, Worship, and PraiseThrough the Fire
0%
Around the Bend'Til I'm Dead and Gone
0%
Always & ForeverTonight We're Gonna Tear Down the Walls
0%
Always & ForeverToo Gone Too Long
0%
Anniversary CelebrationToo Much
0%
Passing ThroughTrain Long Gone
0%
Influence Vol. 1: The Man I AmTrouble in Mind
0%
Worship & FaithTurn Your Radio On
0%
Glory Train: Songs of Faith, Worship, and PraiseUp Above My Head (I Hear Music in the Air)
0%
Rise and ShineValley of Pain
0%
Heroes & FriendsWaiting on the Light to Change
0%
Heroes & FriendsWalk Our Own Road
0%
Inspirational JourneyWalk with Me
0%
Old 8x10We Ain't Out of Love Yet
0%
Worship & FaithWe Fall Down
0%
Heroes & FriendsWe're Strangers Again
0%
Glory Train: Songs of Faith, Worship, and PraiseWere You There?
0%
Influence Vol. 1: The Man I AmWhat Have You Got Planned Tonight Diana
0%
Always & ForeverWhat'll Do About Me
0%
Rise and ShineWhen Mama Prayed
0%
No Holdin' BackWhen Your World Was Turning for Me
0%
A Man Ain't Made of StoneWhere Can I Surrender
0%
Inspirational JourneyWhich Way Will You Choose?
0%
This Is MeWhisper My Name
0%
An Old Time ChristmasWhite Christmas Makes Me Blue
0%
Influence Vol. 1: The Man I AmWhy Baby Why
0%
Worship & FaithWill the Circle Be Unbroken?
0%
An Old Time ChristmasWinter Wonderland
0%
Full CircleWould I
0%
Old 8x10Written in Stone
0%
Randy Ray: Live at the Nashville PalaceYou Ain't Seen Nothing Yet
0%
Worship & FaithYou Are Worthy of My Praise
0%
Influence Vol. 1: The Man I AmYou Asked Me To
0%
Influence Vol. 2: The Man I AmYou Nearly Lose Your Mind
0%

Score Distribution

Percentile by Number Answered

Percent of People with Each Score

Your Score History

You have not taken this quiz